|
|
|
|
| LEADER |
01264nam a2200289 a 4500 |
| 001 |
29979 |
| 003 |
BD-DhAAL |
| 005 |
20150919020002.0 |
| 008 |
150916r20061994mnu b s001 0 eng |
| 010 |
|
|
|a 93014232
|
| 020 |
|
|
|a 0816621381 (pbk. : alk. paper)
|
| 020 |
|
|
|a 0816621373 (hc : alk. paper);
|
| 040 |
|
|
|a DLC
|c DLC
|d DLC
|d BD-DhAAL
|
| 050 |
0 |
0 |
|a HQ1190
|b .S3 1994
|
| 082 |
0 |
0 |
|a 305.42
|2 20
|
| 245 |
0 |
0 |
|a Scattered hegemonies :
|b postmodernity and transnational feminist practices /
|c Inderpal Grewal and Caren Kaplan, editors.
|
| 260 |
|
|
|a Minneapolis :
|b University of Minnesota Press,
|c c1994 [2006]
|
| 300 |
|
|
|a vii, 261 p. ;
|c 24 cm.
|
| 504 |
|
|
|a Includes bibliographical references and index.
|
| 541 |
|
|
|e 29979
|
| 650 |
|
0 |
|a Feminist theory.
|9 14714
|
| 700 |
1 |
|
|a Grewal, Inderpal.
|9 14715
|
| 700 |
1 |
|
|a Kaplan, Caren,
|d 1955-
|9 5239
|
| 942 |
|
|
|2 ddc
|c BK
|0 1
|
| 999 |
|
|
|c 35562
|d 35562
|
| 952 |
|
|
|0 0
|1 0
|2 ddc
|4 0
|6 305_420000000000000_SCA
|7 0
|9 55932
|a BRACUL
|b BRACUL
|c GEN
|d 2015-09-16
|e Riza Enterprise
|g 3250.00
|l 0
|o 305.42 SCA
|p 3010029979
|r 2015-09-16
|t 1
|w 2015-09-16
|y BK
|
| 952 |
|
|
|0 0
|1 0
|2 ddc
|4 0
|6 305_420000000000000_SCA
|7 0
|9 55933
|a BRACUL
|b BRACUL
|c GEN
|d 2015-09-16
|e Riza Enterprise
|g 3250.00
|l 5
|m 18
|o 305.42 SCA
|p 3010029980
|r 2026-03-31
|s 2025-07-20
|t 2
|w 2015-09-16
|y BK
|